00576nam a22002057a 450000500170000001000130001702000220003003500130005203700160006504000120008108200180009310000160011124500450012726000400017227000440021230000320025650000510028865000110033965000200035020170124110045.0 aA-387070 c00.00a8170330866 aA-387070 bCen Lib/Ret aDPLbEN a796.0194bSIN aSingh, M.K. aIndian women and sports /cby M.K. Singh aJaipur bRawat Publications c1990 a3-Na-20, Jawahar NagarbJaipur e302004 axvi,216p. :c22cm(Hb)bill. aIncludes bibliographical references and index. aSports awomen in sports